LIBRARY & INFORMATION CENTRE, KCAET, TAVANUR

ONLINE PUBLIC ACCESS CATALOGUE (OPAC)

Biofertilizers in agriculture / (Record no. 352)

MARC details
000 -LEADER
fixed length control field 00515cam a2200205ua 4500
041 ## - LANGUAGE CODE
Language code of text/sound track or separate title eng
082 ## - DEWEY DECIMAL CLASSIFICATION NUMBER
Classification number 631.87
Item number SUB/BI
100 ## - MAIN ENTRY--AUTHOR NAME
Personal name Subbarao, N.S .
245 ## - TITLE STATEMENT
Title Biofertilizers in agriculture /
250 ## - EDITION STATEMENT
Edition statement 1 /
260 ## - PUBLICATION, DISTRIBUTION, ETC. (IMPRINT)
Place of publication New Delhi :
Name of publisher Oxford & IBH Publishing company ,
Year of publication 1984.
300 ## - PHYSICAL DESCRIPTION
Number of Pages 186 ; .
942 ## - ADDED ENTRY ELEMENTS (KOHA)
Koha item type Books
Holdings
Withdrawn status Lost status Damaged status Home library Current library Date acquired Full call number Accession Number Koha item type
      KAUAET KAUAET 07/04/2012 631.87 14609 Books
      KAUAET KAUAET 02/09/1986 631.87 15610 Books
      KAUAET KAUAET 07/04/2012 631.87 14610 Books
free website counter